[Event "Porto San Giorgio op 17th"]
[Site "Porto San Giorgio"]
[Date "2005.08.24"]
[Round "3"]
[White "Mora, Paolo"]
[Black "Collutiis, Duilio"]
[Result "0-1"]
[WhiteElo "2209"]
[BlackElo "2386"]
[PlyCount "68"]
[EventDate "2005.08.22"]
[EventType "swiss"]
[EventRounds "9"]
[EventCountry "ITA"]
[SourceTitle "CBM 108 Extra"]
[Source "ChessBase"]
[SourceDate "2005.11.04"]
[SourceVersion "1"]
[SourceVersionDate "2005.11.04"]
[SourceQuality "1"]

1. e4 c5 2. Nc3 Nc6 3. g3 g6 4. Bg2 Bg7 5. d3 d6 6. Be3 Rb8 7. Qd2 b5 8. Nge2 b4 9. Nd1 Qb6 10. 0-0 e5 11. f4 Nge7 12. Kh1 Nd4 13. Ng1 exf4 14. Bxf4 0-0 15. c3 bxc3 16. bxc3 Ne6 17. Bh6 Ba6 18. Bxg7 Kxg7 19. Nh3 f5 20. exf5 Nxf5 21. Re1 Rfe8 22. g4 Nh4 23. Be4 d5 24. Bxd5 Bb7 25. c4 Nf3 26. Qc3+ Ned4 27. Re3 Bxd5 28. cxd5 Rxe3 29. Nxe3 Qd6 30. Nf1 Qxd5 31. Nf4 Qc6 32. Ng2 Nh4 33. Qd2 Re8 34. Ng3 Re2 0-1

[Event "Lodi op 1st"]
[Site "Lodi"]
[Date "2005.06.12"]
[Round "4"]
[White "Mora, Paolo"]
[Black "Voloshin, Leonid"]
[Result "1/2-1/2"]
[WhiteElo "2137"]
[BlackElo "2474"]
[PlyCount "36"]
[EventDate "2005.06.10"]
[EventType "swiss"]
[EventRounds "5"]
[EventCountry "ITA"]
[SourceTitle "EXT 2007"]
[Source "ChessBase"]
[SourceDate "2006.11.23"]
[SourceVersion "1"]
[SourceVersionDate "2006.11.23"]
[SourceQuality "1"]

1. e4 c5 2. Nc3 e6 3. g3 Nc6 4. Bg2 g6 5. d3 Bg7 6. Be3 d6 7. Qd2 Nd4 8. Nd1 e5 9. c3 Nc6 10. Ne2 Nge7 11. Bh6 0-0 12. Bxg7 Kxg7 13. Ne3 b5 14. 0-0 b4 15. f4 f6 16. g4 a5 17. g5 fxg5 18. fxg5 Rxf1+ 1/2-1/2

[Event "Lodi op 1st"]
[Site "Lodi"]
[Date "2005.06.11"]
[Round "3"]
[White "Vocaturo, Daniele"]
[Black "Mora, Paolo"]
[Result "0-1"]
[WhiteElo "2303"]
[BlackElo "2137"]
[PlyCount "62"]
[EventDate "2005.06.10"]
[EventType "swiss"]
[EventRounds "5"]
[EventCountry "ITA"]
[SourceTitle "EXT 2007"]
[Source "ChessBase"]
[SourceDate "2006.11.23"]
[SourceVersion "1"]
[SourceVersionDate "2006.11.23"]
[SourceQuality "1"]

1. e4 e5 2. Nf3 Nc6 3. Bb5 a6 4. Ba4 Nf6 5. 0-0 b5 6. Bb3 Bb7 7. Re1 Bc5 8. c3 0-0 9. d4 Bb6 10. Bg5 h6 11. Bxf6 Qxf6 12. Bd5 d6 13. Na3 Rfe8 14. Nc2 Rab8 15. a4 exd4 16. cxd4 Nxd4 17. Ncxd4 Bxd5 18. exd5 Rxe1+ 19. Qxe1 Bxd4 20. axb5 axb5 21. Rc1 Bxb2 22. Rxc7 Ra8 23. Qe4 Ra1+ 24. Ne1 Qf5 25. Qe8+ Kh7 26. Kf1 Qd3+ 27. Qe2 Rxe1+ 28. Kxe1 Bc3+ 29. Rxc3 Qxc3+ 30. Kd1 Qa1+ 31. Kd2 Qa2+ 0-1

[Event "Lodi op 1st"]
[Site "Lodi"]
[Date "2005.06.10"]
[Round "1"]
[White "Mora, Paolo"]
[Black "Faccia, Sergio"]
[Result "1-0"]
[WhiteElo "2137"]
[BlackElo "1992"]
[PlyCount "53"]
[EventDate "2005.06.10"]
[EventType "swiss"]
[EventRounds "5"]
[EventCountry "ITA"]
[SourceTitle "EXT 2007"]
[Source "ChessBase"]
[SourceDate "2006.11.23"]
[SourceVersion "1"]
[SourceVersionDate "2006.11.23"]
[SourceQuality "1"]

1. e4 e5 2. Nf3 f5 3. d3 Nc6 4. Be2 Bc5 5. Nxe5 Bxf2+ 6. Kxf2 Nxe5 7. Rf1 Nf6 8. exf5 0-0 9. Kg1 d5 10. d4 Nf7 11. g4 Nd6 12. Bf4 h5 13. h3 hxg4 14. hxg4 Nfe4 15. Kg2 Qe7 16. Nd2 Bd7 17. Be5 Bxf5 18. gxf5 Qg5+ 19. Bg4 Qxd2+ 20. Qxd2 Nxd2 21. Rf4 N2c4 22. f6 Ne3+ 23. Kh3 gxf6 24. Be6+ Rf7 25. Bxd6 cxd6 26. Rxf6 Raf8 27. Rg6+ 1-0

[Event "Bergamo Province-ch"]
[Site "Bergamo"]
[Date "2004.11.12"]
[Round "6"]
[White "Mora, Paolo"]
[Black "Valsecchi, Alessio"]
[Result "1-0"]
[WhiteElo "2116"]
[BlackElo "1925"]
[PlyCount "49"]
[EventDate "2004.10.08"]
[EventType "swiss"]
[EventRounds "8"]
[EventCountry "ITA"]
[SourceTitle "EXT 2023"]
[Source "ChessBase"]
[SourceDate "2022.10.05"]
[SourceVersion "1"]
[SourceVersionDate "2022.10.05"]
[SourceQuality "1"]

1. e4 c5 2. Nc3 Nc6 3. g3 g6 4. d3 Bg7 5. Be3 d6 6. Bg2 e6 7. Qd2 Nge7 8. Bh6 0-0 9. h4 d5 10. h5 dxe4 11. Bxg7 e3 12. Qxe3 Nf5 13. Qxc5 Kxg7 14. Nf3 Ncd4 15. Nxd4 Qxd4 16. Qxd4+ Nxd4 17. 0-0-0 e5 18. Rde1 f6 19. hxg6 hxg6 20. f4 exf4 21. gxf4 Rf7 22. Bd5 Rc7 23. Re8 f5 24. Bc4 a6 25. Rg8+ 1-0

[Event "Bergamo Province-ch"]
[Site "Bergamo"]
[Date "2004.10.22"]
[Round "3"]
[White "Mora, Paolo"]
[Black "Scarpellini, Felice"]
[Result "1-0"]
[WhiteElo "2116"]
[BlackElo "1742"]
[PlyCount "93"]
[EventDate "2004.10.08"]
[EventType "swiss"]
[EventRounds "8"]
[EventCountry "ITA"]
[SourceTitle "EXT 2023"]
[Source "ChessBase"]
[SourceDate "2022.10.05"]
[SourceVersion "1"]
[SourceVersionDate "2022.10.05"]
[SourceQuality "1"]

1. e4 d6 2. d4 g6 3. Nc3 Bg7 4. Nf3 c6 5. a4 a5 6. h3 Nd7 7. Be3 Qc7 8. Qd2 e5 9. Rd1 Ngf6 10. dxe5 dxe5 11. Bc4 0-0 12. 0-0 b6 13. Qd6 Ra7 14. Qa3 Ba6 15. Bxa6 Rxa6 16. Qd6 Rc8 17. Qxc7 Rxc7 18. Nxe5 Ra8 19. Nc4 b5 20. Bf4 Rcc8 21. Nd6 Rd8 22. axb5 cxb5 23. Ndxb5 Nc5 24. f3 Nh5 25. Bh2 Ne6 26. Rxd8+ Rxd8 27. Rd1 Rxd1+ 28. Nxd1 Bf8 29. Bd6 Bg7 30. c3 Nhf4 31. Kf1 Bf6 32. Nc7 Bd8 33. Nxe6 Nxe6 34. Ke2 Bb6 35. Kd3 Kg7 36. Ne3 f6 37. Nd5 Bd8 38. c4 Kf7 39. c5 f5 40. c6 fxe4+ 41. fxe4 Ke8 42. c7 Nxc7 43. Bxc7 Bg5 44. Bxa5 Kd7 45. Kc4 Kc6 46. Bc3 h5 47. b4 1-0

[Event "Bergamo Province-ch"]
[Site "Bergamo"]
[Date "2003.11.21"]
[Round "7"]
[White "Stefanelli, Alfredo"]
[Black "Mora, Paolo"]
[Result "0-1"]
[WhiteElo "1663"]
[BlackElo "2014"]
[PlyCount "134"]
[EventDate "2003.10.10"]
[EventType "swiss"]
[EventRounds "8"]
[EventCountry "ITA"]
[SourceTitle "EXT 2023"]
[Source "ChessBase"]
[SourceDate "2022.10.05"]
[SourceVersion "1"]
[SourceVersionDate "2022.10.05"]
[SourceQuality "1"]

1. d4 Nf6 2. c4 c5 3. d5 e5 4. Nc3 d6 5. e4 Be7 6. Nf3 Nbd7 7. Be2 0-0 8. 0-0 Ne8 9. Ne1 Bg5 10. Nd3 g6 11. f4 exf4 12. Bxf4 Bxf4 13. Rxf4 Qe7 14. Qd2 a6 15. Raf1 b5 16. cxb5 axb5 17. Nxb5 Rxa2 18. Na3 Ba6 19. Qc3 Bxd3 20. Bxd3 Ne5 21. Bb1 Ra1 22. b4 cxb4 23. Qxa1 Qa7+ 24. Kh1 bxa3 25. Qa2 Nc7 26. Rf6 Nb5 27. Qd2 Rc8 28. h4 Qc5 29. h5 Qc3 30. Qf4 Qc7 31. hxg6 hxg6 32. Qg5 Kg7 33. R6f2 Rh8+ 34. Kg1 Qc5 35. Qf6+ Kg8 36. Qd8+ Kh7 37. Qh4+ Kg7 38. Qf4 Rc8 39. g3 Nc3 40. Qf6+ Kf8 41. Kg2 Ke8 42. Bc2 Qc7 43. Rh1 Kd7 44. Rh7 Rf8 45. Qg7 Ke8 46. Rh8 Qe7 47. Rxf8+ Qxf8 48. Qf6 Qe7 49. Qh8+ Qf8 50. Qf6 a2 51. Ba4+ Nxa4 52. Rxa2 Nb6 53. Ra7 Ned7 54. Qd4 f6 55. Rb7 Qe7 56. Kh3 Qe5 57. Qe3 Qh5+ 58. Kg2 Qg5 59. Qc3 Qe5 60. Qe3 Nxd5 61. Qd3 N5b6 62. Qe3 d5 63. Rxb6 d4 64. Qb3 Qxe4+ 65. Kh3 Qh1+ 66. Kg4 Qh5+ 67. Kf4 Qf5# 0-1

[Event "Bergamo Province-ch"]
[Site "Bergamo"]
[Date "2002.11.22"]
[Round "7"]
[White "Scarpellini, Felice"]
[Black "Mora, Paolo"]
[Result "0-1"]
[WhiteElo "1660"]
[BlackElo "2056"]
[PlyCount "91"]
[EventDate "2002.10.04"]
[EventType "swiss"]
[EventRounds "8"]
[EventCountry "ITA"]
[SourceTitle "EXT 2024"]
[Source "ChessBase"]
[SourceDate "2023.10.10"]
[SourceVersion "1"]
[SourceVersionDate "2023.10.10"]
[SourceQuality "1"]

1. c4 e5 2. Nc3 Nc6 3. g3 g6 4. Bg2 Bg7 5. Nf3 d6 6. d3 h6 7. Rb1 Be6 8. b4 Qd7 9. Nd5 Nd8 10. b5 c6 11. Nc3 f5 12. e4 Ne7 13. 0-0 0-0 14. a4 d5 15. cxd5 cxd5 16. Nxd5 Nxd5 17. exd5 Bxd5 18. Bb2 Re8 19. Re1 Nf7 20. Qd2 Kh7 21. Rbc1 b6 22. Rc6 Bxc6 23. bxc6 Qc7 24. Qc3 Rad8 25. Nd2 Bh8 26. Nb3 e4 27. d4 Rd6 28. Rc1 Nd8 29. Qd2 Rxc6 30. Rxc6 Nxc6 31. Bf1 Rd8 32. Bb5 Ne5 33. Qb4 Nf3+ 34. Kg2 a5 35. Qa3 Nxd4 36. Nxd4 Bxd4 37. Bxd4 Rxd4 38. Qf8 Qg7 39. Qb8 Qf6 40. Qc7+ Kh8 41. Qc8+ Rd8 42. Qc7 Qg5 43. h3 h5 44. g4 hxg4 45. hxg4 f4 46. Bc6 0-1

[Event "Bergamo Province-ch"]
[Site "Bergamo"]
[Date "2002.11.08"]
[Round "5"]
[White "Nasoni, Paolo"]
[Black "Mora, Paolo"]
[Result "1/2-1/2"]
[WhiteElo "1741"]
[BlackElo "2056"]
[PlyCount "62"]
[EventDate "2002.10.04"]
[EventType "swiss"]
[EventRounds "8"]
[EventCountry "ITA"]
[SourceTitle "EXT 2024"]
[Source "ChessBase"]
[SourceDate "2023.10.10"]
[SourceVersion "1"]
[SourceVersionDate "2023.10.10"]
[SourceQuality "1"]

1. c4 e5 2. Nc3 Nc6 3. Nf3 g6 4. d4 exd4 5. Nxd4 Bg7 6. Nxc6 bxc6 7. e4 d6 8. Be2 Ne7 9. 0-0 c5 10. f4 0-0 11. Rf3 Be6 12. Nd5 f5 13. Bd3 Rb8 14. Nxe7+ Qxe7 15. exf5 Bxf5 16. Bxf5 Bd4+ 17. Kf1 Rxf5 18. Qe2 Qxe2+ 19. Kxe2 Bxb2 20. Rb1 Re8+ 21. Re3 Rxe3+ 22. Bxe3 Bd4 23. Rb7 Bxe3 24. Kxe3 Rf7 25. Rxa7 Re7+ 26. Kd3 Kf7 27. Ra8 Ke6 28. a4 Kd7 29. a5 Kc6 30. Rb8 Re1 31. Rh8 Ra1 1/2-1/2

[Event "Bergamo Province-ch"]
[Site "Bergamo"]
[Date "2002.10.25"]
[Round "4"]
[White "Mora, Paolo"]
[Black "Rota, Simone"]
[Result "1-0"]
[WhiteElo "2056"]
[BlackElo "1737"]
[PlyCount "61"]
[EventDate "2002.10.04"]
[EventType "swiss"]
[EventRounds "8"]
[EventCountry "ITA"]
[SourceTitle "EXT 2024"]
[Source "ChessBase"]
[SourceDate "2023.10.10"]
[SourceVersion "1"]
[SourceVersionDate "2023.10.10"]
[SourceQuality "1"]

1. e4 c5 2. Nc3 d6 3. d3 Nc6 4. g3 g6 5. Bg2 Bg7 6. Be3 e6 7. Qd2 Nge7 8. Bh6 0-0 9. h4 Nd4 10. 0-0-0 Kh8 11. Bxg7+ Kxg7 12. h5 Ng8 13. f4 e5 14. hxg6 fxg6 15. Nf3 Nxf3 16. Bxf3 Be6 17. Rh2 g5 18. Rdh1 h6 19. f5 Bf7 20. Bh5 Rc8 21. Bxf7 Rxf7 22. Nd5 c4 23. Kb1 Rc5 24. g4 cxd3 25. cxd3 Qd7 26. Rxh6 Nxh6 27. Qxg5+ Kf8 28. Qxh6+ Ke8 29. Qh8+ Rf8 30. Nf6+ Ke7 31. Rh7+ 1-0

[Event "Bergamo Province-ch"]
[Site "Bergamo"]
[Date "2002.10.11"]
[Round "2"]
[White "Mora, Paolo"]
[Black "Elitropi, Giorgio"]
[Result "1/2-1/2"]
[WhiteElo "2056"]
[BlackElo "1671"]
[PlyCount "83"]
[EventDate "2002.10.04"]
[EventType "swiss"]
[EventRounds "8"]
[EventCountry "ITA"]
[SourceTitle "EXT 2024"]
[Source "ChessBase"]
[SourceDate "2023.10.10"]
[SourceVersion "1"]
[SourceVersionDate "2023.10.10"]
[SourceQuality "1"]

1. e4 Nc6 2. Nc3 e6 3. d4 d5 4. e5 Bb4 5. Qg4 g6 6. a3 Bxc3+ 7. bxc3 Qd7 8. h4 h5 9. Qg3 Na5 10. Bd3 b6 11. Bg5 c5 12. Nh3 c4 13. Be2 Nc6 14. Qf4 Nce7 15. Bf6 Nxf6 16. Qxf6 Rh6 17. Qf4 Nf5 18. f3 Qe7 19. Ng5 Rh8 20. Kd2 Bd7 21. g4 Ng7 22. a4 a6 23. Qf6 Rg8 24. Nh7 Kd8 25. a5 b5 26. Rag1 hxg4 27. fxg4 Qxf6 28. Nxf6 Rh8 29. h5 Ke7 30. h6 Ne8 31. g5 Nxf6 32. gxf6+ Kf8 33. h7 Be8 34. Kc1 Rb8 35. Kb2 Rc8 36. Ka3 Rc7 37. Kb4 Rc8 38. Bf3 Rc7 39. Rg5 Rc8 40. Rg2 Rc7 41. Re2 Rc6 42. Bg2 1/2-1/2

[Event "Imperia op 26th"]
[Site "Imperia"]
[Date "1984.09.09"]
[Round "9"]
[White "Gresser, Gisela Kahn"]
[Black "Mora, Paolo"]
[Result "0-1"]
[WhiteElo "2005"]
[BlackElo "1900"]
[PlyCount "56"]
[EventDate "1984.09.01"]
[EventType "swiss"]
[EventRounds "9"]
[EventCountry "ITA"]
[SourceTitle "EXT 2024"]
[Source "ChessBase"]
[SourceDate "2023.10.10"]
[SourceVersion "1"]
[SourceVersionDate "2023.10.10"]
[SourceQuality "1"]

1. e4 e5 2. Nf3 Nc6 3. Nc3 g6 4. Bb5 Bg7 5. Nd5 Nce7 6. Bc4 c6 7. Nc3 d5 8. exd5 cxd5 9. Bb5+ Nc6 10. d3 Nge7 11. 0-0 0-0 12. Ba4 h6 13. Re1 g5 14. Bb3 Bg4 15. h3 Bh5 16. g4 Bg6 17. h4 f5 18. hxg5 fxg4 19. Nh4 Bh5 20. Rf1 Nd4 21. gxh6 Bf6 22. Ng2 Nf3+ 23. Kh1 Qd7 24. Ne3 g3 25. Kg2 Nh4+ 26. Kxg3 Bxd1 27. Ncxd5 Nxd5 28. Nxd5 Qg4+ 0-1

[Event "Imperia op 26th"]
[Site "Imperia"]
[Date "1984.09.02"]
[Round "2"]
[White "Temi, Walter"]
[Black "Mora, Paolo"]
[Result "1/2-1/2"]
[WhiteElo "1909"]
[BlackElo "1900"]
[PlyCount "47"]
[EventDate "1984.09.01"]
[EventType "swiss"]
[EventRounds "9"]
[EventCountry "ITA"]
[SourceTitle "EXT 2024"]
[Source "ChessBase"]
[SourceDate "2023.10.10"]
[SourceVersion "1"]
[SourceVersionDate "2023.10.10"]
[SourceQuality "1"]

1. e4 e6 2. d4 d5 3. Nc3 Bb4 4. e5 c5 5. Bd2 Nc6 6. Nb5 Bxd2+ 7. Qxd2 Nxd4 8. Nxd4 cxd4 9. f4 Ne7 10. Nf3 Nc6 11. 0-0-0 Qb6 12. Nxd4 Nxd4 13. Qxd4 Qxd4 14. Rxd4 Bd7 15. Bd3 g6 16. Rf1 h5 17. g3 Rc8 18. Rf3 Ke7 19. h3 a5 20. Kd2 Rc5 21. c3 Rhc8 22. Ke3 a4 23. a3 Bb5 24. Rb4 1/2-1/2

[Event "Imperia op 26th"]
[Site "Imperia"]
[Date "1984.09.01"]
[Round "1"]
[White "Mora, Paolo"]
[Black "Bonugli, Carlo"]
[Result "1/2-1/2"]
[WhiteElo "1900"]
[BlackElo "1900"]
[PlyCount "92"]
[EventDate "1984.09.01"]
[EventType "swiss"]
[EventRounds "9"]
[EventCountry "ITA"]
[SourceTitle "EXT 2024"]
[Source "ChessBase"]
[SourceDate "2023.10.10"]
[SourceVersion "1"]
[SourceVersionDate "2023.10.10"]
[SourceQuality "1"]

1. e4 c5 2. Nf3 Nc6 3. d4 cxd4 4. Nxd4 g6 5. Be3 Nf6 6. Nc3 Bg7 7. f3 0-0 8. Qd2 d5 9. exd5 Nxd5 10. Nxc6 bxc6 11. Nxd5 cxd5 12. c3 e5 13. Be2 Be6 14. Bc5 Re8 15. Bb5 Bd7 16. Bxd7 Qxd7 17. 0-0 f5 18. Rad1 Rad8 19. Rfe1 Bf8 20. Bxf8 Kxf8 21. Re3 Re6 22. Rd3 Rd6 23. f4 e4 24. Rd4 Ke7 25. Qf2 Qb7 26. Qd2 Qb6 27. Kf1 Qa6+ 28. Kg1 Qxa2 29. c4 Rb8 30. c5 Rdd8 31. b4 Qxd2 32. R1xd2 Ke6 33. Ra2 Rd7 34. Ra6+ Ke7 35. Ra5 Ke6 36. Ra6+ Ke7 37. Ra5 Rdb7 38. Rxd5 Rxb4 39. Rxa7+ R8b7 40. Ra6 Rc7 41. Rad6 Rc4 42. Re5+ Kf7 43. Rdd5 Rc2 44. h3 Re7 45. g4 Ra7 46. Rd1 fxg4 1/2-1/2